000 01138nam0a22002771 4500
001 rc\116182
005 20250620185623.0
010 _a5-230-02985-4
_9300
035 _a(NLR Aleph) 005374902
090 _a7039077
_c7039077
100 _a20021216d1995 |||y0rusy50 ca
101 0 _arus
102 _aRU
105 _aa |||||||||
200 1 _aТеория, прочность и проектирование судов, плавающих во льдах
_e[Сб. ст.]
_fНижегор. гос. техн. ун-т
_g[Редкол.: В.А. Зуев (отв. ред.) и др.]
210 _aН. Новгород
_cНГТУ
_d1995
215 _a141, [1] с.
_cил.
_d22
320 _aБиблиогр. в конце ст.
702 1 _4340
_7ca
_8rus
_aЗуев
_bВ. А.
_f1940-
_gВалерий Андреевич
_9133439
_3RU\NLR\AUTH\770133473
712 0 2 _4475
_aНижегородский государственный технический университет
_92645599
_3RU\NLR\AUTH\880617308
801 0 _aRU
_bNLR
_gpsbo
801 1 _aRU
_bELAR
_2rusmarc
852 _aNLR
_j96-5/2690
942 _cBOOK
980 _aNB